000 00545 a2200169 4500
020 _a0131238299
040 _aDLC
082 0 0 _a005.74
100 1 _aBlaha, Michael.
245 1 0 _aObject-oriented modeling and design for database applications
_cMichael Blaha, William Premerlani.
260 _aUpper Saddle River, N.J. :
_bPrentice Hall,
_cc1998.
300 _axv, 484 p. :
_bill. ;
_c25 cm.
650 0 _aObject-oriented methods (Computer science)
650 0 _aDatabase design.
700 1 _aPremerlani, William.
942 _cBK
_k005.74 BLA
_2ddc
999 _c4357
_d4357